| 000 | 00595nam a22002057a 4500 | ||
|---|---|---|---|
| 005 | 20170407122327.0 | ||
| 010 | _aENG-117456 | ||
| 020 |
_a9789352550708 _c385.00 |
||
| 035 | _a EN-100988 | ||
| 037 | _bDBAD/PUB | ||
| 082 | _a657 | ||
| 100 | _aMukherjee,S. | ||
| 245 |
_aISC Commerce : _cby S.Mukherjee,D.Dutta [and] C.D.gupta _bClass XII / |
||
| 260 |
_aKolkata _bNew Central Book Agency _c2017 |
||
| 270 |
_a8/1 Chintamoni Das Lane _bKolkata _e700009 |
||
| 300 |
_axx ,538p. _c24cm (pbk) |
||
| 700 | _dDatta.D. | ||
| 700 | _a.Gupta C D | ||
| 942 |
_2ddc _cEN _h657 _mMUK |
||
| 999 |
_c138065 _d138065 |
||